Предпринимательское право: учебное пособие

Dettagli Bibliografici
Autore principale: Ершова И. В.
Altri autori: Иванова Т. М.
Riassunto:Исключено из фонда НТБ ТПУ
Lingua:russo
Pubblicazione: Москва, Юриспруденция, 2000
Edizione:2-е изд., испр. и доп.
Natura: MixedMaterials Libro
KOHA link:https://koha.lib.tpu.ru/cgi-bin/koha/opac-detail.pl?biblionumber=13453

MARC

LEADER 00000nam0a2200000 4500
001 13453
005 20231030185001.0
010 |a 5840100315 
035 |a (RuTPU)RU\TPU\book\13535 
035 |a BOOK00000010 
090 |a 13453 
100 |a 20011209d2000 m y0rusy50 ca 
101 0 |a rus 
102 |a RU 
105 |a y j 000zy 
200 1 |a Предпринимательское право  |e учебное пособие  |f И. В. Ершова, Т. М. Иванова 
205 |a 2-е изд., испр. и доп. 
210 |a Москва  |c Юриспруденция  |d 2000 
215 |a 416 с. 
333 |a Исключено из фонда НТБ ТПУ 
700 1 |a Ершова  |b И. В. 
701 1 |a Иванова  |b Т. М. 
801 0 |a RU  |b 63413507  |c 20011209  |g PSBO 
801 2 |a RU  |b 63413507  |c 20220426  |g PSBO 
942 |c BK